000 00245nam a2200097Ia 4500
008 191206s9999 xx 000 0 und d
090 _aPE1403.TH
245 0 _aTeaching high school composition
260 _aOxford University Press
260 _cc1976
999 _c17011
_d17011